Catálogo público

Informe del grupo de expertos FAO : cealo sobre algunos aspectos de la planificación agrícola en el Asia y Lejano Oriente / (Record no. 183981)

MARC details
000 -CABECERA
campo de control de longitud fija 00775nam a2200169Ia 4500
001 - NÚMERO DE CONTROL
campo de control IA_4559,18/08/2011,18/08/2011,0000001962 mx n 0000000000spa00,"
008 - DATOS DE LONGITUD FIJA--INFORMACIÓN GENERAL
campo de control de longitud fija 220117s xx 000 0 und d
010 ## - NÚMERO DE CONTROL DE LA BIBLIOTECA DEL CONGRESO
Número de control de LC 183981
082 ## - NÚMERO DE LA CLASIFICACIÓN DECIMAL DEWEY
Número de clasificación 338.1 I54 1962
110 ## - ENTRADA PRINCIPAL--NOMBRE DE ENTIDAD CORPORATIVA
Nombre de entidad corporativa o nombre de jurisdicción como elemento de entrada Instituto Latinoamericano de Planificación Económica y Social
9 (RLIN) 59245
245 ## - MENCIÓN DE TÍTULO
Título Informe del grupo de expertos FAO : cealo sobre algunos aspectos de la planificación agrícola en el Asia y Lejano Oriente /
Mención de responsabilidad, etc. Instituto Latinoamericano de Planificación Económica y Social
260 ## - PUBLICACIÓN, DISTRIBUCIÓN, ETC.
Lugar de publicación, distribución, etc. México :
Nombre del editor, distribuidor, etc. ENA,
300 ## - DESCRIPCIÓN FÍSICA
Extensión 93 p.
440 ## - MENCIÓN DE SERIE/PUNTO DE ACCESO ADICIONAL--TÍTULO
Título Apuntes
9 (RLIN) 6382
650 ## - PUNTO DE ACCESO ADICIONAL DE MATERIA--TÉRMINO DE MATERIA
Término de materia o nombre geográfico como elemento de entrada Economía Agrícola
9 (RLIN) 147023
710 ## - PUNTO DE ACCESO ADICIONAL--NOMBRE DE ENTIDAD CORPORATIVA
Nombre de entidad corporativa o nombre de jurisdicción como elemento de entrada Instituto Latinoamericano de Planificación Económica y Social
9 (RLIN) 59245

No items available.